| 000 | 00859nam a22002297a 4500 | ||
|---|---|---|---|
| 003 | DO-SdBNP | ||
| 005 | 20211228131657.0 | ||
| 007 | ta | ||
| 008 | 211227b2013 ||||e |||| 000 0 eng d | ||
| 040 |
_aDO-SdBNP _bspa _cBNPHU |
||
| 082 | 4 |
_222 _a370.907293 _bR426p |
|
| 110 | 1 | 0 |
_aRepública Dominicana. Ministerio de Educación _943100 |
| 245 | 1 | 0 |
_aPerfil Consejo Nacional de Educación : _bbreve historia del CNE, sus integrantes y reglamentos / _cMinisterio de Educación |
| 260 |
_aSanto Dominigo : _bMINERD, _c2013. |
||
| 300 |
_a74 p. : _bil. ; _c20 cm. |
||
| 504 | _aBibliografía : p. 74 . | ||
| 590 | _aInventariado, 2021 / SA | ||
| 650 | 4 |
_aPerfil _xConsejo Nacional de Educación _zRepública Dominicana _980887 |
|
| 650 | 4 |
_aOrigen _xConsejo Nacional de Educación _zRepública Dominicana _980888 |
|
| 910 | _aSaquino | ||
| 942 |
_2ddc _cLBS1 |
||
| 999 |
_c51134 _d51134 |
||